00914nab a2200253 uc450000100070000000500170000700800410002403500110006503500210007604000130009704100080011010000410011824500940015965000320025365000350028565000320032070000410035270000460039370000420043970000490048177301010053094200100063199900190064188326520240201193708.0040723e20040505 spa  a883265 a(OCoLC)820118173 ccomduadb aspa10aBenavides, Vicente4auteaut938833610aDiseno y construccion de un calotest utilizado para medir espesores de peliculas delgadas aPelículas delgadas951156 aMedición de espesores951157 aDiseño de equipos910840810aRodriguez, Rodolfo4auteaut953735710aDevia Cubillos, Alfonso4auteaut941113410aArango, Yuliette C.4auteaut938833710aRestrepo Parra, Elisabeth 4auteaut98193720 tScientia Et Technica (Pereira)gVol. 10, No. 24, May. 2004, p. 269-272w205375x0122-1701084632 cARIMP c321941d321941